00445nam a2200157Ia 4500003000900000005001700009008004100026040001300067040001300080041000800093100002800101245007400129260005800203300002000261490000600281IT-RoPAU20220918175607.0120407s9999 xx 000 0 und d aIT-RoPAU cIT-RoPAU aita aOlgiati mons. Francesco aI nostri giovani e la purezzabBrani di vita ed esperienzer personali aMilanobSoc. Ed. Vita e Pensieroc1938, 10.a edizione c19 cm.a121 pp. v1